000 00518nam a2200181Ia 4500
008 100920s9999 xx 000 0 und d
082 _b15888
_a891.464 0
100 _aकाणेकर अनंत.
245 _aनिवडक गणूकाका.
260 _b---
_c0
300 _a86
_bसाधी
365 _b0
520 _aनिबंध.
630 _aनिवडक गणूकाका.
650 _aनिबंध.
730 _aनिवडक गणूकाका.
942 _cBOOK
999 _c679035
_d679032